| 000 | 00591nam a2200193Ia 4500 | ||
|---|---|---|---|
| 003 | IN-BaIIA | ||
| 008 | 211028s9999 xx 000 0 eng d | ||
| 020 | _a90-277-0838-X | ||
| 040 | _cIIA Library | ||
| 080 |
_a082.2:52 _bIAU-S74 |
||
| 245 | 0 |
_aRadio astronomy and cosmology _cedited by David L. Jauncey |
|
| 260 |
_aDordrecht _bD. Reidel Publishing _c1977 |
||
| 300 | _axx, 398p. | ||
| 650 | _aAstronomy and Astrophysics Thesaurus | ||
| 650 | _aCosmology | ||
| 650 |
_aRadio Astronomy _92849 |
||
| 700 |
_aJauncey, David L., ed. _99847 |
||
| 942 | _cBK | ||
| 999 |
_c5676 _d5676 |
||